Star Wars Characters By Silhouette - Statistics

General Stats
  • This quiz has been taken 1,205 times
  • The average score is 7 of 15
Answers on the Map
Answers color-coded by a green-red scale on the quiz's map according to % correct below.
 
Answer Stats
Answer % Correct
Chewbacca
93%
R2-D2
78%
Han Solo
72%
Rey
69%
General Grievous
60%
Obi-Wan Kenobi
53%
K-2SO
51%
Lando Calrissian
49%
Ki-Adi Mundi
41%
Admiral Ackbar
36%
Maz Kanata
33%
Qui-Gon Jinn
20%
Captain Phasma
19%
Jyn Erso
14%
Enfys Nest
13%
No matching quizzes found
Score Distribution
Percent of People with Each Score
Percentile by Number Answered
Your Score History
You have not taken this quiz